Thủ tục rút gọn trong tố tụng dân sự : Sách chuyên khảo

Nội dung sách nhằm nhằm giúp bạn đọc tiếp cận một cách có hệ thống các vấn đề lý luận về thủ tục rút gọn trong tố tụng dân sự và thực tiễn mang tính nhất thời để hướng tới hoàn thiện pháp luật và cơ chế rút gọn trong tố tụng d...

全面介绍

Đã lưu trong:
书目详细资料
主要作者: Đặng, Thanh Hoa
格式: 图书
语言:Undetermined
出版: Hà Nội Hồng Đức 2016
主题:
标签: 添加标签
没有标签, 成为第一个标记此记录!
Thư viện lưu trữ: Trung tâm Học liệu Trường Đại học Cần Thơ
LEADER 01072nam a2200241Ia 4500
001 CTU_226941
008 210402s9999 xx 000 0 und d
020 |c 48000 
082 |a 347.59705 
082 |b H401 
100 |a Đặng, Thanh Hoa 
245 0 |a Thủ tục rút gọn trong tố tụng dân sự : 
245 0 |b Sách chuyên khảo 
245 0 |c Đặng Thanh Hoa 
260 |a Hà Nội 
260 |b Hồng Đức 
260 |c 2016 
520 |a Nội dung sách nhằm nhằm giúp bạn đọc tiếp cận một cách có hệ thống các vấn đề lý luận về thủ tục rút gọn trong tố tụng dân sự và thực tiễn mang tính nhất thời để hướng tới hoàn thiện pháp luật và cơ chế rút gọn trong tố tụng dận sự. 
650 |a Tố tụng dân sự,Civil procedure 
650 |z Việt Nam,Vietnam 
904 |i Nhi 
910 |b dqhieu 
980 |a Trung tâm Học liệu Trường Đại học Cần Thơ